| 000 | 00559nam a22001817a 4500 | ||
|---|---|---|---|
| 999 |
_c8896 _d8896 |
||
| 008 | 210303b ||||| |||| 00| 0 eng d | ||
| 040 | _aBMS College of Architecture | ||
| 100 | _aReddy, V, Shritha | ||
| 245 | _aMuiltyspeciality hospital | ||
| 300 | _a31p. | ||
| 500 | _a1BM10AT076 | ||
| 502 |
_8B.Arch _NBMS College of Architecture, Visvesvaraya Technological University (VTU) _aProject Report _d2014 |
||
| 650 | _aHospital | ||
| 700 |
_aBhaghyalaxmi M _eGuide |
||
| 700 |
_aDakshayini R, Patil _eGuide |
||
| 700 |
_aShanthala V _eGuide |
||
| 942 |
_2ddc _cTHE |
||